[Event "Fagernes Autumn op"]
[Site "Fagernes"]
[Date "2023.10.14"]
[Round "8"]
[White "Vestby Ellingsen, Mads"]
[Black "Hansen, Torbjorn Ringdal"]
[Result "1-0"]
[WhiteElo "2343"]
[BlackElo "2434"]
[PlyCount "107"]
[EventDate "2023.10.08"]
[EventType "swiss"]
[EventRounds "9"]
[EventCountry "NOR"]
[SourceTitle "Mega2024 Update 01"]
[Source "Chessbase"]
[SourceDate "2023.11.12"]
[SourceVersion "1"]
[SourceVersionDate "2023.11.12"]
[SourceQuality "1"]

1. d4 Nf6 2. Bg5 Ne4 3. Bf4 c5 4. f3 Qa5+ 5. c3 Nf6 6. d5 e6 7. e4 exd5 8. exd5 d6 9. Qd2 Nbd7 10. c4 Qxd2+ 11. Nxd2 Nh5 12. Be3 Be7 13. 0-0-0 f5 14. g4 Nhf6 15. h3 b5 16. Ne2 Nb6 17. Nc3 a6 18. Rg1 0-0 19. g5 Nh5 20. cxb5 f4 21. Bf2 Ng3 22. Bxg3 fxg3 23. Rxg3 axb5 24. Bxb5 Bf5 25. Nc4 Nxc4 26. Bxc4 g6 27. Bd3 Bd7 28. h4 Rf4 29. Rh1 c4 30. Bb1 Bd8 31. h5 Bb6 32. Be4 Be3+ 33. Kb1 Rb8 34. hxg6 hxg6 35. Bxg6 Bf2 36. Rg2 Bd4 37. Kc1 Rxf3 38. Bh7+ Kf8 39. Be4 Rf4 40. g6 Re8 41. Bc2 Bg4 42. Kb1 Rb8 43. Ka1 Rb7 44. Bb1 Kg8 45. Rd2 Re7 46. Bc2 Re3 47. Kb1 Be5 48. a4 Rxc3 49. bxc3 Bxc3 50. Rg2 Be5 51. g7 c3 52. Rh8+ Kxg7 53. Rh4 Rb4+ 54. Ka2 1-0

[Event "Fagernes Autumn op"]
[Site "Fagernes"]
[Date "2023.10.13"]
[Round "7"]
[White "Hansen, Torbjorn Ringdal"]
[Black "Deshpande, Aniruddha"]
[Result "1-0"]
[WhiteElo "2434"]
[BlackElo "2284"]
[PlyCount "87"]
[EventDate "2023.10.08"]
[EventType "swiss"]
[EventRounds "9"]
[EventCountry "NOR"]
[SourceTitle "Mega2024 Update 01"]
[Source "Chessbase"]
[SourceDate "2023.11.12"]
[SourceVersion "1"]
[SourceVersionDate "2023.11.12"]
[SourceQuality "1"]

1. c4 c5 2. g3 g6 3. Bg2 Bg7 4. Nc3 Nc6 5. Nf3 d6 6. 0-0 e6 7. e3 Nge7 8. d4 cxd4 9. Nxd4 Nxd4 10. exd4 0-0 11. h4 Qb6 12. h5 Nf5 13. c5 dxc5 14. dxc5 Qxc5 15. Ne4 Qd4 16. g4 Nh4 17. h6 Bh8 18. Qxd4 Bxd4 19. Rd1 f5 20. Rxd4 Nxg2 21. Ng5 Nh4 22. Bf4 e5 23. Bxe5 fxg4 24. Rc1 Be6 25. Rc7 Rf7 26. Nxf7 Nf3+ 27. Kg2 Bxf7 28. Re4 Re8 29. Kg3 Nxe5 30. Rxb7 a6 31. Ra7 g5 32. Rxa6 Bd5 33. Re3 Kf7 34. a4 Bf3 35. a5 Re6 36. Rxe6 Kxe6 37. a6 Ba8 38. a7 Kd6 39. Rb3 Nc4 40. Rb8 Bf3 41. a8Q Bxa8 42. Rxa8 Nxb2 43. Ra7 Ke6 44. Rxh7 1-0

[Event "Fagernes Autumn op"]
[Site "Fagernes"]
[Date "2023.10.11"]
[Round "5"]
[White "Hansen, Torbjorn Ringdal"]
[Black "Vagman, Roy"]
[Result "0-1"]
[WhiteElo "2434"]
[BlackElo "2294"]
[PlyCount "112"]
[EventDate "2023.10.08"]
[EventType "swiss"]
[EventRounds "9"]
[EventCountry "NOR"]
[SourceTitle "Mega2024 Update 01"]
[Source "Chessbase"]
[SourceDate "2023.11.12"]
[SourceVersion "1"]
[SourceVersionDate "2023.11.12"]
[SourceQuality "1"]

1. e4 c5 2. Nf3 Nc6 3. Bb5 e6 4. 0-0 Nge7 5. d4 cxd4 6. Nxd4 Ng6 7. Be3 Be7 8. c4 0-0 9. Nc3 Qc7 10. Rc1 Nxd4 11. Qxd4 a6 12. Ba4 Ne5 13. h3 Bf6 14. Qc5 Qxc5 15. Bxc5 Re8 16. f4 Nd3 17. e5 Nxc5 18. exf6 b5 19. cxb5 Nxa4 20. Nxa4 axb5 21. Nb6 Rb8 22. Nxc8 Rbxc8 23. fxg7 Kxg7 24. Kf2 Ra8 25. a3 b4 26. axb4 Reb8 27. Rfd1 d5 28. Rd4 Ra4 29. Rc2 Raxb4 30. Rxb4 Rxb4 31. Kf3 Kg6 32. Re2 Rb3+ 33. Kg4 h5+ 34. Kh4 Kf5 35. g3 d4 36. Re5+ Kf6 37. Re4 d3 38. Rd4 e5 39. fxe5+ Kxe5 40. Rd7 Rb4+ 41. Kxh5 Rd4 42. Re7+ Kf6 43. Re1 d2 44. Rd1 Kf5 45. Kh6 Ke4 46. h4 Kf3 47. h5 Kg4 48. b4 f5 49. Kg6 Rd6+ 50. Kf7 Kxh5 51. Ke7 Rd3 52. b5 Kg4 53. Ke6 Kxg3 54. b6 f4 55. Ke5 f3 56. Ke4 Rb3 0-1

[Event "Fagernes Autumn op"]
[Site "Fagernes"]
[Date "2023.10.08"]
[Round "1"]
[White "Hansen, Torbjorn Ringdal"]
[Black "Sian, Shadi"]
[Result "1-0"]
[WhiteElo "2434"]
[BlackElo "2146"]
[PlyCount "73"]
[EventDate "2023.10.08"]
[EventType "swiss"]
[EventRounds "9"]
[EventCountry "NOR"]
[SourceTitle "Mega2024 Update 01"]
[Source "Chessbase"]
[SourceDate "2023.11.12"]
[SourceVersion "1"]
[SourceVersionDate "2023.11.12"]
[SourceQuality "1"]

1. c4 e5 2. g3 f5 3. Nf3 d6 4. Nc3 Nf6 5. d4 e4 6. Ng5 Be7 7. Bg2 0-0 8. f3 exf3 9. exf3 f4 10. Ne2 h6 11. Nh3 fxg3 12. hxg3 d5 13. c5 b6 14. Qc2 bxc5 15. Bxh6 Nh5 16. Nhf4 Nxf4 17. Bxf4 Bf5 18. Qa4 Bd3 19. 0-0-0 c4 20. Bh3 Rf6 21. Be5 Rg6 22. Nf4 Bg5 23. Bxc7 Bxf4+ 24. gxf4 Qf8 25. Qb5 Nc6 26. f5 Rf6 27. Be5 Rd8 28. Rhg1 Nxe5 29. dxe5 Rb6 30. Qa5 Qe7 31. f4 Rxb2 32. Kxb2 Qb7+ 33. Ka1 Rb8 34. Qc3 Qb6 35. f6 d4 36. Be6+ Qxe6 37. Rxg7+ 1-0

[Event "Titled Tuesday intern op 29th Aug Late"]
[Site "Chess.com INT"]
[Date "2023.08.29"]
[Round "2"]
[White "Hansen, Torbjorn Ringdal"]
[Black "Chigaev, Maksim"]
[Result "1/2-1/2"]
[WhiteElo "2434"]
[BlackElo "2616"]
[PlyCount "194"]
[EventDate "2023.08.29"]
[EventType "swiss (blitz)"]
[EventRounds "11"]
[EventCountry "USA"]
[SourceTitle "EXT 2024"]
[Source "ChessBase"]
[SourceDate "2023.10.10"]
[SourceVersion "1"]
[SourceVersionDate "2023.10.10"]
[SourceQuality "1"]

1. c4 e5 2. g3 d5 3. cxd5 Qxd5 4. Nf3 Nc6 5. Nc3 Qd8 6. Bg2 Nf6 7. 0-0 h6 8. b4 e4 9. Ne1 Bxb4 10. Nxe4 Nxe4 11. Bxe4 Qe7 12. Bg2 0-0 13. Bb2 Bg4 14. Nf3 Rad8 15. Qb3 Rfe8 16. Rfe1 Be6 17. Qa4 a6 18. Rab1 Bd5 19. e4 Bc4 20. Bc3 Bxc3 21. dxc3 Bb5 22. Qb3 Ne5 23. Nd4 Bd3 24. Rbd1 c5 25. Nf5 Qc7 26. h3 b5 27. f4 Bc4 28. Qc2 Nd3 29. Re3 Nxf4 30. gxf4 Qxf4 31. Rde1 g6 32. Rf3 Qd2 33. Qxd2 Rxd2 34. Nxh6+ Kg7 35. Ng4 Bxa2 36. e5 b4 37. cxb4 cxb4 38. Re4 a5 39. Nf6 Rc8 40. Rh4 Rh8 41. Rxh8 Kxh8 42. Rf4 g5 43. Rf5 Bb1 44. Rxg5 Bg6 45. e6 Re2 46. exf7 Bxf7 47. Rxa5 b3 48. Rb5 b2 49. Kh2 Kg7 50. Ng4 Bd5 51. Rxb2 Rxb2 52. Ne3 Be4 53. Kg3 Bg6 54. Ng4 Rb3+ 55. Bf3 Be4 56. Nh2 Kf6 57. Kf4 Bf5 58. Kg3 Be6 59. Ng4+ Ke7 60. Nh2 Kd6 61. h4 Ke5 62. h5 Bd5 63. Ng4+ Kf5 64. Nh2 Kg5 65. Kg2 Bxf3+ 66. Nxf3+ Kxh5 67. Kg3 Kg6 68. Kf4 Kf6 69. Ke4 Ra3 70. Nd4 Rh3 71. Kd5 Rh5+ 72. Ke4 Rh1 73. Kd5 Re1 74. Kd6 Rd1 75. Kd5 Rd2 76. Ke4 Rh2 77. Kd5 Ke7 78. Ke5 Rh5+ 79. Nf5+ Kd7 80. Kf4 Rh1 81. Ke5 Re1+ 82. Kd5 Re2 83. Nd4 Re8 84. Nf5 Ra8 85. Nd4 Ra5+ 86. Ke4 Kd6 87. Nf5+ Ke6 88. Nd4+ Kf6 89. Kd3 Rc5 90. Ke4 Rc8 91. Nf3 Re8+ 92. Kf4 Re6 93. Nd4 Re1 94. Nf3 Ra1 95. Nd4 Ra3 96. Ke4 Rh3 97. Kd5 Rh5+ 1/2-1/2

[Event "Titled Tuesday intern op 22nd Aug Late"]
[Site "Chess.com INT"]
[Date "2023.08.22"]
[Round "2"]
[White "Hansen, Torbjorn Ringdal"]
[Black "Lacasa Diaz, Jose Antonio"]
[Result "0-1"]
[WhiteElo "2434"]
[BlackElo "2367"]
[PlyCount "136"]
[EventDate "2023.08.22"]
[EventType "swiss (blitz)"]
[EventRounds "11"]
[EventCountry "USA"]
[SourceTitle "EXT 2024"]
[Source "ChessBase"]
[SourceDate "2023.10.10"]
[SourceVersion "1"]
[SourceVersionDate "2023.10.10"]
[SourceQuality "1"]

1. e4 c5 2. Nf3 d6 3. Bb5+ Bd7 4. Bxd7+ Qxd7 5. 0-0 Nc6 6. c3 d5 7. exd5 Qxd5 8. d4 e6 9. Re1 Nf6 10. Qe2 cxd4 11. cxd4 Be7 12. Nc3 Qd8 13. Bg5 0-0 14. Rad1 Nd5 15. Bxe7 Ncxe7 16. Ne4 Nf4 17. Qd2 Ned5 18. g3 Ng6 19. h4 h6 20. h5 Nge7 21. Kg2 Rc8 22. Ne5 Nc6 23. Nf3 Qa5 24. Qxa5 Nxa5 25. Ne5 Nc4 26. Nxc4 Rxc4 27. Nd6 Rb4 28. b3 Rd8 29. Nc4 Nb6 30. Nxb6 Rxb6 31. Kf3 Rbd6 32. Ke4 Rd5 33. g4 f5+ 34. gxf5 Rxf5 35. Kd3 Kf7 36. Re2 Rxh5 37. Rde1 Rd6 38. Re4 Rf5 39. R1e2 g5 40. a4 h5 41. Kc4 g4 42. b4 a6 43. b5 axb5+ 44. axb5 Kf6 45. Ra2 Rb6 46. Ra8 Rfxb5 47. Rf8+ Kg7 48. Re8 Rb4+ 49. Kc3 Rb3+ 50. Kc4 Rf3 51. Re5 Rf5 52. Re1 Rxf2 53. d5 exd5+ 54. Kxd5 Rf5+ 55. Kc4 Rc6+ 56. Kb4 Rb6+ 57. Kc4 Rc6+ 58. Kb4 Rcf6 59. R1e7+ Rf7 60. Re2 Rf4+ 61. Kc5 h4 62. Kd6 h3 63. R2e5 R4f6+ 64. Kd5 Rf5 65. Rxf5 Rxf5+ 66. Ke6 Rf3 67. Re7+ Kg6 68. Re8 Re3+ 0-1

[Event "Titled Tuesday intern op 08th Aug Late"]
[Site "Chess.com INT"]
[Date "2023.08.08"]
[Round "3"]
[White "Hansen, Torbjorn Ringdal"]
[Black "Gerbelli Neto, Eduardo"]
[Result "0-1"]
[WhiteElo "2434"]
[BlackElo "2114"]
[PlyCount "106"]
[EventDate "2023.08.08"]
[EventType "swiss (blitz)"]
[EventRounds "11"]
[EventCountry "USA"]
[SourceTitle "EXT 2024"]
[Source "ChessBase"]
[SourceDate "2023.10.10"]
[SourceVersion "1"]
[SourceVersionDate "2023.10.10"]
[SourceQuality "1"]

1. e4 e5 2. Nf3 Nc6 3. Bb5 a6 4. Ba4 d6 5. c3 f5 6. exf5 Bxf5 7. 0-0 Bd3 8. Qb3 b5 9. Qd5 Nge7 10. Qxd3 bxa4 11. Qc2 g6 12. d4 exd4 13. cxd4 Bg7 14. d5 Ne5 15. Qxa4+ Qd7 16. Qxd7+ Kxd7 17. Nxe5+ Bxe5 18. Rd1 Rab8 19. Nc3 Nf5 20. Rd3 Rhe8 21. Kf1 h5 22. b3 Bxc3 23. Rxc3 Rb5 24. Rd3 Re5 25. Bb2 Rexd5 26. Rad1 Rxd3 27. Rxd3 Ke6 28. Ke2 Rd5 29. Rxd5 Kxd5 30. g3 Nd4+ 31. Kd3 Nf3 32. h4 Ne5+ 33. Ke3 Ng4+ 34. Kf4 Nxf2 35. Kg5 Ne4+ 36. Kxg6 Nxg3 37. Bc1 Ke4 38. b4 d5 39. a4 c6 40. Bd2 d4 41. Be1 d3 42. Kg5 Kf3 43. Kg6 Ke2 44. Bc3 d2 45. Bxd2 Kxd2 46. Kg5 Kc3 47. Kf4 Ne2+ 48. Kg5 Nd4 49. Kxh5 Nf3 50. b5 cxb5 51. axb5 axb5 52. Kg4 Nxh4 53. Kxh4 b4 0-1

[Event "Titled Tuesday intern op 08th Aug Late"]
[Site "Chess.com INT"]
[Date "2023.08.08"]
[Round "7"]
[White "Hansen, Torbjorn Ringdal"]
[Black "Mazibuko, Khanya"]
[Result "1-0"]
[WhiteElo "2434"]
[BlackElo "1895"]
[PlyCount "87"]
[EventDate "2023.08.08"]
[EventType "swiss (blitz)"]
[EventRounds "11"]
[EventCountry "USA"]
[SourceTitle "EXT 2024"]
[Source "ChessBase"]
[SourceDate "2023.10.10"]
[SourceVersion "1"]
[SourceVersionDate "2023.10.10"]
[SourceQuality "1"]

1. e4 c5 2. Nf3 e6 3. c3 Nf6 4. Bd3 d6 5. Bc2 Nc6 6. d4 e5 7. 0-0 Be7 8. dxc5 dxc5 9. Qxd8+ Bxd8 10. Be3 Be7 11. h3 h6 12. a4 Be6 13. Na3 a6 14. Rfd1 Nd7 15. Kf1 0-0-0 16. Ke1 c4 17. Nd2 Bxa3 18. Rxa3 Kc7 19. Rda1 b6 20. Bd1 Nc5 21. Bxc5 bxc5 22. Be2 Na5 23. Rd1 Rb8 24. Ra2 Rb6 25. Rb1 Rhb8 26. Kd1 Nb3 27. Nxb3 cxb3 28. Raa1 c4 29. Ke1 Rd6 30. Rd1 Rbd8 31. h4 Kb6 32. a5+ Kb5 33. g3 Bc8 34. Rxd6 Rxd6 35. Ra3 Kc5 36. Ra4 Be6 37. Rb4 f5 38. exf5 Bf7 39. g4 e4 40. g5 hxg5 41. hxg5 Rd5 42. g6 Bg8 43. Rb8 Rxf5 44. Rxg8 1-0

[Event "Titled Tuesday intern op 07th Feb Late"]
[Site "Chess.com INT"]
[Date "2023.02.07"]
[Round "4"]
[White "Leiva Rodriguez, Jeammarco Giuseppe"]
[Black "Hansen, Torbjorn Ringdal"]
[Result "1-0"]
[WhiteElo "2398"]
[BlackElo "2432"]
[PlyCount "77"]
[EventDate "2023.02.07"]
[EventType "swiss (blitz)"]
[EventRounds "11"]
[EventCountry "USA"]
[SourceTitle "EXT 2024"]
[Source "ChessBase"]
[SourceDate "2023.10.10"]
[SourceVersion "1"]
[SourceVersionDate "2023.10.10"]
[SourceQuality "1"]

1. e4 c6 2. d4 d5 3. e5 c5 4. dxc5 e6 5. a3 Bxc5 6. b4 Be7 7. Bb2 a5 8. b5 Nd7 9. Nf3 Nh6 10. Nbd2 f6 11. c4 fxe5 12. Nxe5 Nxe5 13. Bxe5 Bf6 14. Nf3 Ng4 15. Bxf6 Qxf6 16. Rc1 e5 17. Qxd5 Be6 18. Qxb7 0-0 19. Bd3 e4 20. Qxe4 Bf5 21. Qxf5 Rae8+ 22. Kf1 Qh6 23. Qxh7+ Qxh7 24. Bxh7+ Kxh7 25. c5 Ne5 26. c6 Nd3 27. Rc3 Nb2 28. g3 Na4 29. Rd3 Nc5 30. Rd5 Na4 31. Kg2 Nb6 32. Rh5+ Kg6 33. Rg5+ Kh6 34. Rc5 Re2 35. Rd1 Ra2 36. c7 Re8 37. Rd6+ Kh7 38. Rxb6 Ree2 39. Ng5+ 1-0

[Event "Titled Tuesday intern op 07th Feb Late"]
[Site "Chess.com INT"]
[Date "2023.02.07"]
[Round "2"]
[White "Mikaelyan, Arman"]
[Black "Hansen, Torbjorn Ringdal"]
[Result "1-0"]
[WhiteElo "2496"]
[BlackElo "2432"]
[PlyCount "63"]
[EventDate "2023.02.07"]
[EventType "swiss (blitz)"]
[EventRounds "11"]
[EventCountry "USA"]
[SourceTitle "EXT 2024"]
[Source "ChessBase"]
[SourceDate "2023.10.10"]
[SourceVersion "1"]
[SourceVersionDate "2023.10.10"]
[SourceQuality "1"]

1. a3 e5 2. e3 g6 3. d4 Nc6 4. Nf3 Bg7 5. Be2 Nge7 6. 0-0 0-0 7. dxe5 Nxe5 8. c4 Nxf3+ 9. Bxf3 Nc6 10. Nc3 d6 11. Nd5 Ne5 12. Be2 c6 13. Nf4 Qe7 14. Bd2 f5 15. Bc3 Bd7 16. Qc2 Rad8 17. Rad1 Bc8 18. Rd2 Qf7 19. Rfd1 Qe7 20. Bb4 Nf7 21. Bc3 Ne5 22. b4 b6 23. b5 cxb5 24. cxb5 Bb7 25. Qa2+ Kh8 26. Bb4 Qg5 27. Bxd6 Rfe8 28. Bxe5 Bxe5 29. Bf1 Bxf4 30. exf4 Rxd2 31. Qa1+ Kg8 32. fxg5 1-0

[Event "Titled Tuesday intern op 20th Dec Late"]
[Site "Chess.com INT"]
[Date "2022.12.20"]
[Round "3"]
[White "Hansen, Torbjorn Ringdal"]
[Black "Mingachev, Mansur"]
[Result "0-1"]
[WhiteElo "2432"]
[BlackElo "2356"]
[PlyCount "76"]
[EventDate "2022.12.20"]
[EventType "swiss (blitz)"]
[EventRounds "11"]
[EventCountry "USA"]
[SourceTitle "EXT 2024"]
[Source "ChessBase"]
[SourceDate "2023.10.10"]
[SourceVersion "1"]
[SourceVersionDate "2023.10.10"]
[SourceQuality "1"]

1. e4 d5 2. exd5 Qxd5 3. Nf3 Nf6 4. d4 Bf5 5. Be2 e6 6. 0-0 Be7 7. c4 Qd8 8. Nc3 c6 9. Be3 0-0 10. Qd2 Ne4 11. Nxe4 Bxe4 12. Rfd1 Na6 13. a3 Nc7 14. Rac1 h6 15. Ne5 Bf6 16. Qb4 Rb8 17. h3 Re8 18. Qa5 Na6 19. Qe1 Qe7 20. Bh5 Bxe5 21. dxe5 Qh4 22. Bxa7 Ra8 23. Bb6 Bxg2 24. Bxf7+ Kxf7 25. Kxg2 Kg8 26. Rd3 Rf8 27. Rg3 Rf7 28. f3 Raf8 29. Rd1 Qxc4 30. Bf2 Qb3 31. Qe4 Qxd1 32. Qg4 Nc7 33. h4 Nd5 34. Qxe6 Nf4+ 35. Kh2 Nxe6 36. Rxg7+ Rxg7 37. Bg3 Qxf3 38. Bf2 Qg2# 0-1

[Event "Titled Tuesday intern op 27th Sep Early"]
[Site "Chess.com INT"]
[Date "2022.09.27"]
[Round "4"]
[White "Fernandez, Gerardo"]
[Black "Hansen, Torbjorn Ringdal"]
[Result "1/2-1/2"]
[WhiteElo "2169"]
[BlackElo "2432"]
[PlyCount "150"]
[EventDate "2022.09.27"]
[EventType "swiss (blitz)"]
[EventRounds "11"]
[EventCountry "USA"]
[SourceTitle "CBM 210 Extra"]
[Source "ChessBase"]
[SourceDate "2022.11.30"]
[SourceVersion "1"]
[SourceVersionDate "2022.11.30"]
[SourceQuality "1"]

1. e4 c6 2. d4 d5 3. exd5 cxd5 4. c4 Nf6 5. Nc3 g6 6. Qb3 Bg7 7. cxd5 0-0 8. Be2 Na6 9. Bf3 Nc7 10. Nge2 Rb8 11. Bf4 b5 12. Nxb5 Rxb5 13. Bxc7 Qd7 14. Qa4 Nxd5 15. Rc1 Nxc7 16. Bc6 Qf5 17. Bxb5 Nxb5 18. Rc5 Qb1+ 19. Rc1 Qxb2 20. 0-0 Qxe2 21. Rfe1 Nxd4 22. Rxe2 Nxe2+ 23. Kf1 Nxc1 24. Qc4 Bh6 25. f4 Nd3 26. Qxd3 Bxf4 27. g3 Bd6 28. Qe3 a5 29. Qa7 Bh3+ 30. Kf2 Rc8 31. Qxa5 Rc2+ 32. Kf3 Bg2+ 33. Ke3 Bh3 34. a4 Be6 35. Qd8+ Kg7 36. a5 Ra2 37. Qb6 Bc4 38. a6 Rxa6 39. Qd4+ f6 40. Qxc4 Ra3+ 41. Ke4 h5 42. Kd5 Ra5+ 43. Ke6 Re5+ 44. Kd7 g5 45. Qc8 h4 46. Ke8 hxg3 47. hxg3 Re3 48. Qc2 Rxg3 49. Qc4 g4 50. Qf7+ Kh6 51. Qf8+ Kg5 52. Qg7+ Kf4 53. Qh6+ Kf3 54. Qh1+ Rg2 55. Qf1+ Kg3 56. Qe1+ Kh3 57. Qh1+ Rh2 58. Qf1+ Kh4 59. Qe1+ Bg3 60. Qxe7 Kh3 61. Qh7+ Kg2 62. Qc2+ Bf2 63. Qe4+ Kg1 64. Qxg4+ Rg2 65. Qd1+ Kh2 66. Qh5+ Kg1 67. Qd1+ Kh2 68. Qh5+ Kg3 69. Qf5 Be3 70. Qe4 Re2 71. Qg6+ Bg5+ 72. Kf7 Re5 73. Qh5 Kf4 74. Qd1 Kg3 75. Qg1+ Kf4 1/2-1/2

[Event "Lund CellaVision Cup"]
[Site "Lund"]
[Date "2019.08.03"]
[Round "5"]
[White "Hansen, Torbjorn Ringdal"]
[Black "Shirov, Alexei"]
[Result "0-1"]
[WhiteElo "2432"]
[BlackElo "2658"]
[PlyCount "80"]
[EventDate "2019.08.02"]
[EventType "swiss"]
[EventRounds "8"]
[EventCountry "SWE"]
[SourceTitle "CBM 191 Extra"]
[Source "ChessBase"]
[SourceDate "2019.09.30"]
[SourceVersion "1"]
[SourceVersionDate "2019.09.30"]
[SourceQuality "1"]

1. e4 c5 2. Nf3 Nc6 3. Bb5 g6 4. 0-0 Bg7 5. c3 Nf6 6. d4 cxd4 7. cxd4 Nxe4 8. d5 Nd6 9. Na3 Ne5 10. Nxe5 Bxe5 11. Re1 Bf6 12. Bh6 Nf5 13. Qd2 a6 14. Rac1 Nxh6 15. Qxh6 e6 16. dxe6 fxe6 17. Rxe6+ Kf7 18. Rxf6+ Qxf6 19. Rc3 d5 20. Bf1 Bf5 21. Rc7+ Kg8 22. Rxb7 Rf8 23. Qe3 Rf7 24. Rb6 d4 25. Qb3 Be6 26. Qg3 Kg7 27. Nc4 Rhf8 28. Bd3 Re7 29. f3 Qf4 30. Qxf4 Rxf4 31. Rxa6 Bxc4 32. Bxc4 Rf6 33. Rxf6 Kxf6 34. Kf2 Re3 35. a4 Ke5 36. a5 Kd6 37. f4 Kc5 38. b3 Kb4 39. a6 Re8 40. a7 Ra8 0-1

[Event "PRO League Stage"]
[Site "Chess.com INT"]
[Date "2019.01.16"]
[Round "2"]
[White "Hansen, Torbjorn Ringdal"]
[Black "Klein, David"]
[Result "0-1"]
[WhiteElo "2419"]
[BlackElo "2492"]
[PlyCount "94"]
[EventDate "2019.01.08"]
[EventType "team-swiss (rapid)"]
[EventRounds "10"]
[EventCountry "USA"]
[SourceTitle "CBM 188 Extra"]
[Source "ChessBase"]
[SourceDate "2019.02.26"]
[SourceVersion "1"]
[SourceVersionDate "2019.02.26"]
[SourceQuality "1"]
[WhiteTeam "Norway Gnomes"]
[BlackTeam "Amsterdam Mosquitoes"]
[WhiteTeamCountry "NOR"]
[BlackTeamCountry "NED"]

1. e4 e5 2. Nf3 Nc6 3. Bb5 Nf6 4. 0-0 Nxe4 5. Re1 Nd6 6. Nxe5 Be7 7. Bf1 Nxe5 8. Rxe5 0-0 9. d4 Bf6 10. Re1 Re8 11. Rxe8+ Nxe8 12. d5 c6 13. Nc3 Nc7 14. d6 Ne6 15. Ne4 b6 16. Nxf6+ Qxf6 17. c3 Bb7 18. Be3 c5 19. a4 Nf4 20. Qg4 Ne6 21. a5 Qe5 22. Qg3 Qe4 23. Rd1 Qc2 24. Rd2 Qb1 25. Qg4 bxa5 26. Qd1 Qe4 27. Qc2 Qg4 28. h3 Qh5 29. Qa4 Bc6 30. Qxa5 Qg6 31. b4 f5 32. b5 Be4 33. f3 Bxf3 34. b6 axb6 35. Qxb6 Be4 36. Kh2 f4 37. Bxc5 Qg3+ 38. Kg1 Ng5 39. Qb3+ Kh8 40. Kh1 Qxh3+ 41. Kg1 Qg3 42. Kh1 f3 43. Qd1 Qg4 44. Qe1 fxg2+ 45. Bxg2 Bxg2+ 46. Rxg2 Qh3+ 47. Rh2 Qxh2+ 0-1

[Event "NOR-chT 1819"]
[Site "Norway"]
[Date "2019.01.12"]
[Round "5.4"]
[White "Hansen, Torbjorn Ringdal"]
[Black "Mihajlov, Sebastian"]
[Result "1-0"]
[WhiteElo "2420"]
[BlackElo "2373"]
[PlyCount "39"]
[EventDate "2018.11.02"]
[EventType "team-tourn"]
[EventRounds "9"]
[EventCountry "NOR"]
[SourceTitle "CBM 188 Extra"]
[Source "ChessBase"]
[SourceDate "2019.02.26"]
[SourceVersion "1"]
[SourceVersionDate "2019.02.26"]
[SourceQuality "1"]
[WhiteTeam "Oslo SK 1911"]
[BlackTeam "OSS"]
[WhiteTeamCountry "NOR"]
[BlackTeamCountry "NOR"]

1. e4 e6 2. d4 d5 3. Nd2 a6 4. Bd3 c5 5. dxc5 Bxc5 6. Ngf3 Nf6 7. 0-0 Nc6 8. exd5 Nxd5 9. Ne4 Be7 10. c4 Nf6 11. Qe2 0-0 12. Bd2 Nxe4 13. Bxe4 Bf6 14. Rad1 Qb6 15. b4 Rd8 16. Bg5 Nxb4 17. Bxf6 gxf6 18. Qe3 Qc7 19. Qh6 f5 20. Qg5+ 1-0

[Event "PRO League Stage"]
[Site "Chess.com INT"]
[Date "2019.01.08"]
[Round "1"]
[White "Libiszewski, Fabien"]
[Black "Hansen, Torbjorn Ringdal"]
[Result "1-0"]
[WhiteElo "2481"]
[BlackElo "2419"]
[PlyCount "79"]
[EventDate "2019.01.08"]
[EventType "team-swiss (rapid)"]
[EventRounds "10"]
[EventCountry "USA"]
[SourceTitle "CBM 188 Extra"]
[Source "ChessBase"]
[SourceDate "2019.02.26"]
[SourceVersion "1"]
[SourceVersionDate "2019.02.26"]
[SourceQuality "1"]
[WhiteTeam "Cannes Blitzstreams"]
[BlackTeam "Norway Gnomes"]
[WhiteTeamCountry "FRA"]
[BlackTeamCountry "NOR"]

1. e4 c6 2. d4 d5 3. exd5 cxd5 4. c3 Nc6 5. Nf3 Nf6 6. Bf4 Bg4 7. Qb3 Bxf3 8. Qxb7 Qc8 9. Qxc8+ Rxc8 10. gxf3 Kd7 11. Ba6 Re8 12. Nd2 e6 13. 0-0-0 Bd6 14. Bg3 Rb8 15. Nb3 Rb6 16. Bd3 h5 17. Rhg1 g6 18. Nc5+ Ke7 19. Rde1 Bxg3 20. hxg3 Nd7 21. Nxd7 Kxd7 22. Rh1 Rhb8 23. Re2 a5 24. a4 Kd6 25. f4 Ne7 26. f3 Nc8 27. g4 hxg4 28. fxg4 Ne7 29. Rh7 Rf8 30. f5 gxf5 31. gxf5 exf5 32. Rh6+ f6 33. Rh7 Ng6 34. Bxf5 Nf4 35. Ree7 Rbb8 36. Rc7 Rfd8 37. Rcf7 Rf8 38. Ra7 Kc6 39. Ra6+ Rb6 40. Bd7+ 1-0

[Event "EU-Cup 34th"]
[Site "Porto Carras"]
[Date "2018.10.18"]
[Round "7.2"]
[White "Veinberg, Nimrod"]
[Black "Hansen, Torbjorn Ringdal"]
[Result "1/2-1/2"]
[WhiteElo "2386"]
[BlackElo "2423"]
[PlyCount "73"]
[EventDate "2018.10.12"]
[EventType "team-swiss"]
[EventRounds "7"]
[EventCountry "GRE"]
[SourceTitle "CBM 187"]
[Source "ChessBase"]
[SourceDate "2018.12.11"]
[SourceVersion "1"]
[SourceVersionDate "2018.12.11"]
[SourceQuality "1"]
[WhiteTeam "Rehovot"]
[BlackTeam "Copenhagen 11"]
[WhiteTeamCountry "ISR"]
[BlackTeamCountry "DEN"]

1. d4 Nf6 2. c4 e6 3. g3 Bb4+ 4. Bd2 c5 5. Bxb4 cxb4 6. Bg2 0-0 7. Nf3 d6 8. a3 bxa3 9. Rxa3 Nc6 10. 0-0 Nb4 11. Nc3 a5 12. c5 Bd7 13. cxd6 Bc6 14. Qb1 Qxd6 15. e4 Qc7 16. e5 Nfd5 17. Ng5 g6 18. Nge4 f5 19. exf6 Nxf6 20. Nxf6+ Rxf6 21. Ne4 Rff8 22. Qc1 Qe7 23. Qc5 Qxc5 24. Nxc5 Nc2 25. Bxc6 bxc6 26. Rd3 Rfd8 27. Nxe6 Rd6 28. Rc1 Rxe6 29. Rxc2 Rb8 30. Ra3 Rb5 31. Rc5 Rxb2 32. Rcxa5 Rf6 33. f4 h5 34. h4 Rd2 35. R3a4 Rf7 36. Rb4 Re7 37. Re5 1/2-1/2